00587nam a2200205Ia 4500003000400000005001700004008004100021020001800062040001800080041000800098082002000106100002000126245005700146250001200203260004700215300002700262650002700289650002100316650004400337OSt20241024150134.0210716s2012 xx 000 0 und d a9788120342446 cAIMIT LIBRARY aeng a519.2 21bPALS aPalaniammal, S. aProbability and queueing theory /cBy S Palaniammal. a1st ed. aNew Delhi :bPHI Learning Pvt Ltd ,c2012. axii,683p. ;bPBc25 cm aStandard distributions aRandom processes aNon-markovian queues and queue networks